000 00241nam a2200097Ia 4500
005 20251222114414.0
008 251222s1900||||xx |||||||||||||| ||spa||
082 _aDVD0060/C523T/2003/Ej.2
245 0 _aTiempos modernos:Modern Times
942 _cDVD
999 _c2162
_d2162